El Salvador Trivia Quiz - Statistieken

Algemene statistieken
  • Deze quiz is 297 keer genomen
  • De gemiddelde score is 10 van 17
Antwoordstatistieken
Hint Antwoord % Correct
Officiële taal Spaans
98%
Aangrenzende landen Honduras
94%
Aangrenzende landen Guatemala
93%
Hoofdstad San Salvador
90%
Ongeveer 2,3 miljoen Salvadoranen wonen in dit land Verenigde Staten
77%
El Salvador is het enige Midden-Amerikaanse land dat niet aan deze zee grenst Caribische Zee
75%
Historische en culturele regio waar El Salvador deel van uitmaakt {Meso}-Amerika
68%
Valuta van El Salvador Amerikaanse Dollar
64%
El Salvador heeft het hoogste percentage ______ ter wereld, jaarlijks 61,8 per 100.000 inwoners Moorden
61%
"El Salvador" betekent "De Redder". Naar welke persoon verwijst dit? Jezus Christus
59%
Het enige land dat sinds 141 v.Chr. meer doden te betreuren heeft gehad als gevolg van vulkaanuitbarstingen dan El Salvador Indonesië
56%
Korte oorlog uitgevochten in 1969 tegen aangrenzend land # 2 {Voetbal}oorlog
45%
El Salvador heeft sinds de jaren zestig 85% van zijn _____ verloren Bossen
41%
Op één na grootste stad Santa Ana
20%
Golf die aan El Salvador grenst in het oosten Golf van {Fonseca}
17%
Nationaal gerecht van El Salvador, een gevulde tortilla Pupusa
16%
Zes van de acht soorten hiervan nestelen in El Salvador Zeeschildpad
15%
Geen overeenkomende quizzen gevonden
Scoreverdeling
Procent van Mensen met Elke Score
Percentiel versus Aantal Correcte Antwoorden
Uw Scoregeschiedenis
U heeft deze quiz nog niet genomen